• 首页
  • 本馆介绍
  • 公告通知
  • 最新文献
  • 馆藏检索
  • 电子资源
  • 读者导购
  • 参考咨询
  • 我的图书馆
  • 登录
  • 详细信息显示
  • 放入我的书架
  • 预约/预借图书
  • 作者相关作品
  • 分类相关作品
  • 丛书相关作品
  • 出版社相关作品

书目信息

  • 表格格式
  • 工作单格式
  • 卡片格式
题名:
电磁场习题解答
    
 
作者: 何诚 编
分册:  
出版信息: 南宁   广西人民出版社  1981.2
页数: 330页
开本: 20cm
丛书名:
单 册:
中图分类: O441-44
科图分类:
主题词: 电磁学 , 电动力学
电子资源:
ISBN:
000 00503nam0 2200193 45
001 0312221749
005 20060817111716.54
010    @dCNY1.10
100    @a20031222d1981 km y0chiy0120 ea
101    @achi
200 1  @a电磁场习题解答@ADian Ci Chang Xi Ti Jie Da@f何诚编@FHe Cheng Bian
210    @a南宁@c广西人民出版社@d1981.2
215    @a330页@d20cm
606 0  @a电磁学
606 0  @a电动力学
690    @aO441-44@v3
701 0  @a何诚@4编
801    @aCN@bTSTCL@c20060817
905    @a213230@dO441-44@e46
    
    电磁场习题解答/何诚编.-南宁:广西人民出版社,1981.2
    330页;20cm
    
    
    ISBN :CNY1.10
    
●
相关链接 在E读中查询图书 在五车中查询图书 在当当中查询图书 在豆瓣中查询图书


正题名:电磁场习题解答     索取号:O441-44/46         预约/预借

序号 登录号 条形码 馆藏地/架位号 状态 备注
1 0159581   202103730   第二样本阅览室/ [索取号:O441-44/46] 在馆    
2 0432985   204329850   密集书库/ [索取号:O441-44/46] 在馆    
3 0468411   204684118   密集书库/ [索取号:O441-44/46] 在馆    
唐山师范学院图书馆 欢迎您!
大连网信软件有限公司© 版权所有